Das sportwissenschaftliche experiment
Saved in:
| Hovedforfatter: | |
|---|---|
| Format: | Bog |
| Sprog: | tysk |
| Udgivet: |
Schorndorf
Karl Hofmann
1976
|
| Serier: | Scriftenreihe zur praxis der Leibeserziehung und des Sports, 102
|
| Fag: | |
| Tags: |
Tilføj Tag
Ingen Tags, Vær først til at tagge denne postø!
|
MARC
| LEADER | 00000nam a2200000 a 4500 | ||
|---|---|---|---|
| 001 | UCY9620 | ||
| 003 | CL-VaPUC | ||
| 008 | 950717e19760000GW |||||||||||||||||ger|d | ||
| 082 | 0 | 4 | |a 372.86 |b WAR |2 21 |
| 100 | 0 | |a Warwitz, Siegbert |e author |9 342009 | |
| 245 | 1 | 4 | |a Das sportwissenschaftliche experiment |
| 300 | |a 123 p | ||
| 942 | |c BK | ||
| 945 | |d 19950717 00:00:00 |a cmena | ||
| 260 | |a Schorndorf |b Karl Hofmann |c 1976 | ||
| 650 | 0 | |a Educación física |9 240893 | |
| 650 | 0 | |a Planificación de la educación |9 307333 | |
| 650 | 0 | |a Enseñanza |9 256457 | |
| 650 | 0 | |a Métodos de enseñanza |9 270413 | |
| 650 | 7 | |a ENTRENAMIENTO ATLETICO |2 CL-VaPUC |9 342010 | |
| 650 | 7 | |a DEPORTE |2 CL-VaPUC |9 342011 | |
| 583 | |a last modification |c 20130411 09:53:54 |k Rodrigo Vera | ||
| 490 | 0 | |a Scriftenreihe zur praxis der Leibeserziehung und des Sports, 102 | |
| 999 | |c 236676 |d 236674 | ||
| 952 | |0 0 |1 0 |4 0 |6 372_860000000000000_WAR_1976 |7 0 |8 P |9 244934 |a BIBEDU |b BIBEDU |c BIBEDU_PB |d 2019-11-18 |i 1537369 |o 372.86 WAR 1976 |p 1537369 |r 2024-01-25 |w 2019-11-18 |y BK |k EDU | ||